000 00563nmm a22001817a 4500
003 OSt
005 20240521111008.0
006 eBook
008 240521b |||||||| |||| 00| 0 eng d
040 _cMRSPTU
100 _aNader F. Mir
245 _aComputer and Communications Networks
250 _a1st
260 _aNew Delhi
_bPearson
_c2006
600 _2Computer Science
856 _uhttps://ebookcentral.proquest.com/lib/gzsptuc/detail.action?docID=5126671&query=Computer+and+Communications+Networks
_3Click here to access the e-book
942 _2ddc
_cEB
_n1
999 _c10341
_d10341